000 01578cam a2200409 a 4500
003 CHAP
005 20220817043622.0
008 000211d1993 mx r 00010 spa d
010 _a79911
011 _a80883
020 _a9706202404
035 _a91337
040 _cCHAP
082 0 4 _a332.4
_bG6
100 0 0 _aGonzález Martínez, Jaime.
_949151
245 1 0 _aValorización de capital e innovación tecnológica :
_brelaciones entre valor y productividad
_c/por Jaime González Martínez
260 _aMéxico, D.F. :
_bUniversidad Autónoma Metropolitana. Unidad Azcapotzalco. Diivisión de Ciencias Sociales y Humanidades,
_c1993.
300 _a187 p. :
_bcuadros
410 2 _aUAM. Unidad Azcapotzalco.
_bDivisión de Ciencias Sociales y Humanidades
490 0 _aSerie economía
590 _aBATCH-UPD
_b10
_c20130110
_lUCH01
_h0530
590 _aBATCH-UPD
_b10
_c20130110
_lUCH01
_h2256
590 _aBATCH-UPD
_b10
_c20130410
_lUCH01
_h0210
590 _aBATCH-UPD
_b10
_c20130914
_lUCH01
_h0842
590 _aCONVERSION
_b10
_c20130109
_lUCH01
_h1344
650 1 4 _aCapital.
_918709
650 1 4 _aInnovaciones tecnológicas.
_958829
650 1 4 _aProductividad.
_991868
650 1 4 _aTrabajo y trabajadores.
650 1 4 _aValor.
_9117667
810 2 _aUAM. Unidad Azcapotzalco.
_bDivisión de Ciencias Sociales y Humanidades
_9115979
830 0 _aSerie economía
_9104835
901 _aBK
942 _cLIBRO
949 _a332.4 G6
_bBC
_cLIBRO
_d33724000746616
_eLIBRO
_h94878
_i91337
_sb
949 _a332.4 G6
_bBC
_cLIBRO
_d33724000746707
_eLIBRO
_fc.2
_h94879
_i91337
_sb
999 _c79911
_d79911